000 00282nam a2200121Ia 4500
008 190216s9999||||xx |||||||||||||| ||und||
100 _aKesavadev P
245 0 _aAdyathe Katha
260 _bPoorna Pubs Kozhikode
_c1956
300 _a154p
650 _aMalayalam Novel
942 _cBK
999 _c26066
_d26066